| 000 | 00606 a2200205 4500 | ||
|---|---|---|---|
| 999 |
_c11128 _d11128 |
||
| 020 | _a9781308917214 | ||
| 050 |
_aHF5657.4 _bMEI 2017 |
||
| 100 |
_aMeier,Heidi _eauthor |
||
| 245 |
_aAccounting for managers part 2 / _cDr.Heidi Meier |
||
| 264 |
_aAmerica : _bMc Graw Hill, _c2017 |
||
| 300 |
_a735 pages _billustrations |
||
| 336 |
_2rdacontent _atext _btxt |
||
| 337 |
_2rdamedia _aunmediated _bn |
||
| 338 |
_2rdacarrier _avolume _bnc |
||
| 500 | _aincludes index | ||
| 650 | _amanagement accounting | ||
| 650 | _aprofitability Analysis | ||
| 650 | _aCost concepts | ||
| 942 |
_2lcc _cBK _h5657.4 _iMEI _kHF |
||